000 00690nam a2200193 a 4500
001 10487
003 CO-ViMGA
008 141112s2004 ck r 000 u spa d
020 _a9589510612
040 _aCO-ViMGA
_bspa
_cCO-ViMGA
082 0 4 _a330.98 C65g
110 _aInstituto Internacional de Integracion Convenio Andres Bello
_914087
245 1 0 _aGeografia Económica :
_bArea de Recursos Minerales, Bolivia, Colombia, Chile, Ecuador, Panama, Perú, Venezuela.
260 _aLa paz :
_bInstituto Internacional de Integracion,
_c1986
300 _a715p. : il.
650 1 4 _aAmérica DEL SUR - CONDICIONES ECONOMICAS
_914088
650 1 4 _aGEOGRAFIA ECONOMICA
_914089
942 _2ddc
_cBK
999 _c21813
_d21813